000 01249nam a2200313 c 4500
999 _c97791
_d97791
003 BLK
005 20200721135806.0
008 180409b bul|||||r ||||||| ||bul||
010 _aKNG00102706000
040 _aBLK
041 _aBUL
_cBUL
080 _aАрхеология. Праисторически паметници - вж 903
_b902
_z902
080 _aСтара и антична история (общо)
_b931/939
_z931/939
100 1 _aНикитов, Стефан Николов
_eпърви автор
_9257656
139 _aНикитов, Стефан Николов
_bН 68
245 1 0 _aДревните цивилизации
_bЗагадки, находки, хипотези
_cСтефан Николов Никитов.
257 _aBGR
260 _bД-р Петър Берон
_c1986
300 _a160 с.
_bс ил., факс., к., 12 л. цв
_c22 см
380 _a9
650 4 _aДревен свят - история
_9243364
650 4 _aАрхеологически паметници
_9243363
653 _aдревни цивилизации
852 _aЦб 144590
856 4 _qpdf
856 4 _qpdf
942 _cKNG
_n0
_s1
944 _aCR
_c01.01.1999
_kНаталия_Медовщикова
944 _aED
_c08.12.2008
999 _d97791
999 _d97791
999 _d97791
999 _d97791
999 _d97791